Schnelle Mathematik: Vielfachen von 15 - Statistiken

Allgemein
  • Dieses Quiz wurde 332 mal gespielt
  • Das Durchschnittsergebnis liegt bei 9 aus 10
Antwortstatistiken
Hint Antwort % Korrekt
1*15 15
100%
2*15 30
97%
3*15 45
96%
4*15 60
95%
5*15 75
92%
6*15 90
90%
7*15 105
81%
8*15 120
80%
9*15 135
71%
10*15 150
55%
Keine übereinstimmenden Quizze gefunden
Verteilung der Resultate
Anzahl Personen mit jedem Resultat
Perzentil nach korrekt beantworteten Fragen
Ihre Resultats-Entwicklung
Sie haben dieses Quiz noch nicht gespielt